MARC

LEADER 00000nam0a2200000 4500
001 262698
005 20231101233657.0
010 |a 511000546X 
035 |a (RuTPU)RU\TPU\book\285681 
090 |a 262698 
100 |a 20140603d1988 k y0rusy50 ca 
101 0 |a rus 
102 |a UA 
105 |a a z 001zy 
200 1 |a Частотно-импульсное управление двигателями переменного тока  |f С. А. Протанский 
210 |a Львов  |c Вища школа  |d 1988 
215 |a 144 с.  |c ил. 
320 |a Библиогр.: с. 139-141. 
606 1 |a Электродвигатели (в целом)  |2 stltpush  |3 (RuTPU)RU\TPU\subj\19799  |9 44967 
610 1 |a частотно-импульсное управление 
610 1 |a двигатели переменного тока 
610 1 |a электроприводы 
610 1 |a проектирование 
610 1 |a расчеты 
675 |a 621.313.13  |v 3 
700 1 |a Протанский  |b С. А.  |g Сергей Анатольевич 
801 1 |a RU  |b 63413507  |c 20140603 
801 2 |a RU  |b 63413507  |c 20150522  |g RCR 
942 |c BK